| 000 | 00526nam a2200205Ia 4500 | ||
|---|---|---|---|
| 005 | 20140405081831.0 | ||
| 008 | 140130s9999 xx 000 0 und d | ||
| 020 | _a0439401879 | ||
| 050 |
_aPZ 7 _b.Se4796St 2006 |
||
| 100 |
_aSepulveda, Luis _931313 |
||
| 245 |
_cLuis Sepulveda. _aStory of the Seagull and the Cat / |
||
| 260 |
_bScholastic, _c2006. _aUSA : |
||
| 300 |
_a123 p. : _bill. ; _c24 cm. |
||
| 440 |
_v1 _931174 |
||
| 521 | _aG7 | ||
| 526 | _c880 | ||
| 942 |
_cBK _2lcc |
||
| 999 |
_c41254 _d41254 |
||